| 000 | 01221nam a22003497a 4500 | ||
|---|---|---|---|
| 003 | CHAP | ||
| 005 | 20220817043202.0 | ||
| 008 | 971013s1986 r 00010 d | ||
| 010 | _a67878 | ||
| 011 | _a68850 | ||
| 035 | _a78324 | ||
| 040 | _cCHAP | ||
| 082 |
_a631.3 _bG4Y |
||
| 100 | 0 | 0 |
_aGhosh, Biswa Nath. _947834 |
| 245 | _aMaquinaria para el procesamiento de cosechas | ||
| 260 |
_aSan José, C. R. : _bIICA, _c1986 |
||
| 300 |
_a167 p. _b: ilus. |
||
| 490 |
_aSerie de libros y materiales educativos _v; 77 |
||
| 500 | _a26-9 | ||
| 590 |
_aBATCH-UPD _b10 _c20130110 _lUCH01 _h0828 |
||
| 590 |
_aBATCH-UPD _b10 _c20130410 _lUCH01 _h0506 |
||
| 590 |
_aBATCH-UPD _b10 _c20130914 _lUCH01 _h1758 |
||
| 590 |
_aCONVERSION _b10 _c20130109 _lUCH01 _h1337 |
||
| 650 | 1 | 4 |
_aMaquinaria agrÃcola. _971151 |
| 830 | 0 |
_aSerie de libros y materiales educativos _v; 77 |
|
| 901 | _aBK | ||
| 942 | _cLIBRO | ||
| 949 |
_a631.3 G4Y _bBC _cLIBRO _d33724000057444 _eLIBRO _h73158 _i78324 _mD _si |
||
| 949 |
_a631.3 G4Y _bBC _cLIBRO _d33724000057477 _eLIBRO _fc.2 _h74898 _i78324 _si |
||
| 949 |
_a631.3 G4Y _bBC _cLIBRO _d33724000057485 _eLIBRO _fc.3 _h77732 _i78324 _si |
||
| 949 |
_a631.3 G4Y _bBC _cLIBRO _d33724000057493 _eLIBRO _fc.5 _h75693 _i78324 _si |
||
| 999 |
_c67878 _d67878 |
||